Statistics for UK politics front benches

Click here to take the quiz!

General Stats

  • This quiz has been taken 48 times
    (22 since last reset)
  • The average score is 13 of 36

Answer Stats

HintAnswer% Correct
Prime MinisterRishi Sunak
100%
ChancellorJeremy Hunt
95%
Foreign SecretaryDavid Cameron
90%
Opposition leaderKeir Starmer
81%
Opposition deputy leader and shadow levelling upAngela Rayner
67%
Deputy PMOliver Dowden
62%
Education SecretaryGillian Keegan
57%
Commons leaderPenny Mordaunt
57%
Shadow chancellorRachel Reeves
57%
Shadow foreignDavid Lammy
52%
Home SecretaryJames Cleverly
52%
Levelling up secretaryMichael Gove
48%
Shadow homeYvette Cooper
43%
Defence SecretaryGrant Shapps
33%
Business SecretaryKemi Badenoch
33%
Health SecretaryVictoria Atkins
33%
Shadow healthWes Streeting
33%
Justice SecretaryAlex Chalk
24%
Shadow educationBridget Phillipson
24%
Environment, food, rural affairs SecretarySteve Barclay
24%
Shadow climate change/net zeroEd Miliband
19%
Work and Pensions SecretaryMel Stride
19%
Attorney GeneralVictoria Prentis
19%
Shadow attorney generalEmily Thornberry
14%
Shadow defenceJohn Healey
14%
Shadow work and pensionsLiz Kendall
14%
Shadow transportLouise Haigh
14%
Culture SecretaryLucy Frazer
14%
Shadow commons leaderLucy Powell
14%
Transport SecretaryMark Harper
14%
Energy/Net Zero SecretaryClaire Coutinho
10%
Shadow businessJonathan Reynolds
10%
Shadow science, innovation, technologyPeter Kyle
10%
Shadow cultureThangam Debbonaire
10%
Shadow justiceShabana Mahmood
5%
Shadow environment, food, rural affairsSteve Reed
5%

Score Distribution

Percentile by Number Answered

Percent of People with Each Score

Your Score History

You have not taken this quiz since the last reset